01075nam a2200289Ia 450000500170000000800410001702000180005810000360007624501280011225000180024030000250025849000410028353400270032465000440035165000480039565000300044365000380047365000480051170000320055970000300059126400300062133600270065133700330067833800280071104000350073908400110077420220317001509.0161108s2008 ck j 000 f s  a97895842459151 aLewis, Clive Staplesd1898-196314aLas crónicas de Narniabel sobrino del magocC.S. Lewis ; traducción de Gemma Gallart ; ilustraciones de Pauline Baynes a1a. edición a251 páginasc21 cm aGrandes éxitos. Biblioteca : Sagas tThe Magician´s Nephew142LEMBaNovela juvenil inglesaySiglo XIX142LEMBaLiteratura juvenil inglesaySiglo XIX142LEMBaNovela fantástica142LEMBaFantasía en la literatura142LEMBaMundos fantásticos en la literatura1 aBaynes, Paulineeilustrador1 aGallart, Gemmaetraductor aBogotábDestinoc[2008] atextobtxt2rdacontent asin mediaciónbn2rdamedia avolumenbnc2rdacarrier aCO-BoRNBPbspaerdacCO-BoRNBP aN LEW2